000 00401nam a22001697a 4500
005 20180618114125.0
008 160620b xxu||||| |||| 00| 0 eng d
020 _a0-415-28743-X
041 _aeng
082 _b8371
100 _aDavies, Gary
_94379
245 _aCorporate Reputation and Competitiveness
260 _bRoutledge
_c2003
300 _a258
650 _aManagement
_9241
942 _cBK
999 _c3207
_d3206